La foi du Christ: cinq approches chistologiques

Guardat en:
Dades bibliogràfiques
Autor principal: Balthasar, Hans Urs von (Autor)
Format: Llibre
Idioma:francès
Publicat: París Aubier-Montaigne 1968
Edició:1a. ed
Col·lecció:Foi Vivante, 76
Matèries:
Etiquetes: Afegir etiqueta
Sense etiquetes, Sigues el primer a etiquetar aquest registre!

MARC

LEADER 00000cam a2200000 a 4500
001 UCE6860
003 CL-VaPUC
008 150507e19680000fr |||||||||||||||||fre|d
082 0 4 |a 232  |b BAL  |2 21 
100 0 |a Balthasar, Hans Urs von  |e author  |9 579484 
245 1 3 |a La foi du Christ: cinq approches chistologiques 
250 |a 1a. ed 
300 |a 235 p 
942 |c BK 
945 |d 20150507 00:22:00  |a arojas 
260 |a París  |b Aubier-Montaigne  |c 1968 
650 0 |a Cristología   |9 315091 
650 0 |a Vida de Jesús  |9 478097 
583 |a last modification  |c 20150507 00:22:00  |k Rodrigo Vera 
490 0 |a Foi Vivante, 76 
999 |c 359040  |d 359038 
952 |0 0  |1 0  |3 erb  |4 0  |6 232_000000000000000_BAL_1968  |7 0  |8 A  |9 468028  |a BIBTEO  |b BIBTEO  |e Casale Rolle, Carlos Ignacio, -2014  |i 5173191  |o 232 BAL 1968  |p 5173191  |r 2025-01-17  |w 2019-11-23  |y BK  |z Catalogado en:20150507  |k ICR